KLM Destinations - Statistics

General Stats
  • This quiz has been taken 154 times
  • The average score is 92 of 174
Answer Stats
City % Correct
Amsterdam
91%
New York City
91%
Rome
90%
London City
89%
London Heathrow
89%
Los Angeles
89%
Madrid
88%
Paris
88%
Berlin
87%
Dubai
86%
Istanbul
85%
Munich
85%
Oslo
84%
Barcelona
83%
Dublin
83%
Lisbon
83%
Tokyo
83%
Frankfurt
82%
Milan Linate
82%
Milan Malpensa
82%
Helsinki
80%
Vienna
80%
Zürich
80%
Beijing
79%
Brussels
79%
Cairo
79%
Manchester
79%
Stockholm
79%
Athens
78%
San Francisco
78%
Singapore
78%
Shanghai
77%
Washington D.C.
77%
Mexico City
76%
Miami
76%
Cape Town
75%
Johannesburg
75%
Toronto
75%
Warsaw
75%
Bangkok
74%
Copenhagen
74%
Delhi
74%
Glasgow
74%
Hamburg
74%
Mumbai
74%
Rio de Janeiro
73%
Hong Kong
72%
Boston
71%
Budapest
71%
Buenos Aires
71%
Edinburgh
71%
São Paulo
71%
Atlanta
70%
Zagreb
70%
Bucharest
69%
Geneva
69%
Jakarta
69%
Kuala Lumpur
69%
Prague
69%
Vancouver
69%
Porto
67%
Birmingham
65%
Nice
65%
Seoul
65%
Chicago
64%
Houston
64%
Lyon
64%
Marseille
64%
Osaka
64%
Tel Aviv
64%
Venice
64%
Montreal
63%
Naples
63%
Las Vegas
62%
Santiago
62%
Düsseldorf
61%
Lima
61%
Bogotá
60%
Manila
60%
Stuttgart
59%
Belfast
58%
Riyadh
58%
Valencia
58%
Turin
57%
Bergen
56%
Krakow
54%
Lagos
53%
Nairobi
53%
Bordeaux
52%
Calgary
52%
Gothenburg
50%
Málaga
50%
Panama City
50%
Belgrade
49%
Toulouse
49%
Bilbao
48%
Dubrovnik
48%
Florence
48%
Luxembourg
48%
Nantes
48%
Split
48%
Cardiff
47%
Ibiza
47%
Palma de Mallorca
47%
Accra
46%
Basel-Mulhouse-Freiburg
46%
Bristol
46%
Cancún
45%
Aberdeen
44%
Hanover
43%
Havana
43%
Newcastle upon Tyne
43%
Cork
42%
Dresden
42%
Gdańsk
42%
San José
42%
Bangalore
41%
Kuwait City
41%
Denpasar
40%
Quito
40%
Alicante
39%
Bologna
39%
Leeds-Bradford
37%
Aarhus
36%
Billund
36%
Catania
36%
Dar es Salaam
36%
Edmonton
36%
Muscat
36%
Nuremberg
36%
Aalborg
35%
Manama
35%
Paramaribo
35%
Trondheim
34%
Bremen
33%
Austin
31%
Minneapolis-Saint Paul
31%
Southampton
31%
Cagliari
30%
Poznań
30%
Salt Lake City
30%
Wrocław
30%
Graz
29%
Montpellier
28%
Tbilisi
28%
Willemstad
27%
Katowice
26%
Oranjestad
26%
Inverness
23%
Kingston upon Hull
23%
Zanzibar
22%
Dammam
21%
Verona
21%
Phuket
19%
Rovaniemi
19%
Kigali
18%
Cartagena
17%
Guayaquil
17%
Kilimanjaro
17%
Norwich
17%
Ålesund
15%
Entebbe
14%
Port of Spain
12%
Kralendijk
10%
Kristiansand
10%
Linköping
10%
Teesside
10%
Liberia
9%
Bridgetown
8%
Philipsburg
8%
Fortaleza
7%
Mombasa
7%
Sandefjord
4%
Stavenger
2%
No matching quizzes found
Score Distribution
Percent of People with Each Score
Percentile by Number Answered
Your Score History
You have not taken this quiz